00418nam a2200169Ia 4500003000400000008004100004040001600045082001300061100002000074245004000094260004500134300001000179650001300189650001100202650001400213650002100227GCL140319s9999 xx 000 0 eng d aGCL / cGCL04a150bG B1 aGLEITMON, HENRY10aBASIC PSYCOLOGY / cGLEITMON, HENRY a[S.N] : bNORTON INTERNATIONAL ، c1987 a562 P04aPSYOLOGY04aACTION04aCOGNITION04aSOCIAL BEHAVIOUR